[Event "GER-ch op U25"]
[Site "Willingen"]
[Date "2006.06.09"]
[Round "9"]
[White "Zimmerer, David"]
[Black "Vetter, Ulf"]
[Result "0-1"]
[WhiteElo "1226"]
[BlackElo "1376"]
[PlyCount "56"]
[EventDate "2006.06.04"]
[EventType "swiss"]
[EventRounds "9"]
[EventCountry "GER"]
[SourceTitle "EXT 2007"]
[Source "ChessBase"]
[SourceDate "2006.11.23"]
[SourceVersion "1"]
[SourceVersionDate "2006.11.23"]
[SourceQuality "1"]

1. e4 e6 2. d4 d5 3. Nc3 Bb4 4. e5 c5 5. a3 Bxc3+ 6. bxc3 Nc6 7. Qg4 Nge7 8. Qxg7 Rg8 9. Qxh7 cxd4 10. cxd4 Nxd4 11. Nf3 Nxf3+ 12. gxf3 Qc7 13. Bb5+ Bd7 14. Bxd7+ Kxd7 15. f4 Qc3+ 16. Ke2 Qxa1 17. Qd3 Qb1 18. Be3 Qxh1 19. Qb5+ Kc7 20. Qc5+ Nc6 21. Qd6+ Kc8 22. f5 Rd8 23. Qc5 Qe4 24. fxe6 Qg4+ 25. Kf1 Qd1+ 26. Kg2 Rg8+ 27. Bg5 Rxg5+ 28. Kh3 Qg4# 0-1

[Event "GER-ch op U25"]
[Site "Willingen"]
[Date "2006.06.06"]
[Round "6"]
[White "Vetter, Ulf"]
[Black "Kling, Felix"]
[Result "0-1"]
[WhiteElo "1376"]
[BlackElo "1684"]
[PlyCount "112"]
[EventDate "2006.06.04"]
[EventType "swiss"]
[EventRounds "9"]
[EventCountry "GER"]
[SourceTitle "EXT 2007"]
[Source "ChessBase"]
[SourceDate "2006.11.23"]
[SourceVersion "1"]
[SourceVersionDate "2006.11.23"]
[SourceQuality "1"]

1. e4 d6 2. d4 Nf6 3. Nc3 e5 4. dxe5 dxe5 5. Qxd8+ Kxd8 6. Bg5 Be6 7. Nf3 Nbd7 8. 0-0-0 Kc8 9. Be2 Bc5 10. Bh4 Ng4 11. Rhf1 f6 12. h3 Nh6 13. Nd2 g5 14. Bg3 Nf7 15. Nb3 Be7 16. f3 c6 17. Bf2 Kc7 18. Rd2 Rhd8 19. Rfd1 b6 20. Bg3 Nf8 21. Rxd8 Rxd8 22. Rxd8 Kxd8 23. Kd2 Bb4 24. a3 Bxc3+ 25. Kxc3 Nd6 26. h4 h6 27. hxg5 hxg5 28. a4 Ng6 29. Nd2 Kc7 30. Bc4 Nxc4 31. Nxc4 Bxc4 32. Kxc4 a6 33. b4 b5+ 34. axb5 axb5+ 35. Kb3 Kd6 36. c4 Ke6 37. c5 f5 38. Kc3 fxe4 39. fxe4 Nf4 40. Bxf4 gxf4 41. Kd3 Kf6 42. Ke2 Kg5 43. Kf3 Kh4 44. Kf2 Kg4 45. Ke2 Kg3 46. Kf1 f3 47. Kg1 Kf4 48. Kf2 fxg2 49. Kxg2 Kxe4 50. Kf2 Kd3 51. Ke1 Ke3 52. Kd1 e4 53. Ke1 Kd3 54. Kd1 e3 55. Ke1 e2 56. Kf2 Kd2 0-1

[Event "GER-ch op U25"]
[Site "Willingen"]
[Date "2006.06.04"]
[Round "2"]
[White "Vetter, Ulf"]
[Black "Giesen, Frank"]
[Result "1-0"]
[WhiteElo "1376"]
[BlackElo "901"]
[PlyCount "57"]
[EventDate "2006.06.04"]
[EventType "swiss"]
[EventRounds "9"]
[EventCountry "GER"]
[SourceTitle "EXT 2007"]
[Source "ChessBase"]
[SourceDate "2006.11.23"]
[SourceVersion "1"]
[SourceVersionDate "2006.11.23"]
[SourceQuality "1"]

1. e4 e5 2. Nf3 Nc6 3. Bc4 Bc5 4. Nc3 Nf6 5. d3 h6 6. Na4 d6 7. Nxc5 dxc5 8. Be3 Qe7 9. Qe2 0-0 10. 0-0-0 Na5 11. Nd2 Be6 12. f4 Nxc4 13. Nxc4 Rad8 14. fxe5 Bg4 15. exf6 Qe6 16. Qf2 Bxd1 17. fxg7 Kxg7 18. Bxc5 Rfe8 19. Rxd1 h5 20. Rf1 Rd7 21. Kb1 b6 22. Bd4+ Kh7 23. Bc3 Rf8 24. Qh4 Qg6 25. Ne5 Qh6 26. Nxd7 Rg8 27. Nf6+ Kg7 28. Ng4+ Kf8 29. Qd8# 1-0

[Event "Pforzheim2"]
[Site "Pforzheim"]
[Date "2005.10.29"]
[Round "2"]
[White "Vetter, Ulf"]
[Black "Selensky, Stefan"]
[Result "1-0"]
[WhiteElo "1338"]
[BlackElo "967"]
[PlyCount "84"]
[EventDate "2005.10.29"]
[EventType "tourn"]
[EventRounds "9"]
[EventCountry "GER"]
[SourceTitle "EXT 2007"]
[Source "ChessBase"]
[SourceDate "2006.11.23"]
[SourceVersion "1"]
[SourceVersionDate "2006.11.23"]
[SourceQuality "1"]

1. e4 e5 2. Nf3 Nc6 3. Bc4 Nf6 4. Ng5 d5 5. exd5 Na5 6. Bb5+ Bd7 7. Bxd7+ Qxd7 8. Nc3 0-0-0 9. d3 h6 10. Nge4 Nxd5 11. Nxd5 Qxd5 12. Qg4+ Kb8 13. Be3 Nc6 14. Nc3 Qd6 15. 0-0-0 Be7 16. Qxg7 f5 17. Qf7 Rdf8 18. Qh5 f4 19. Ne4 Qb4 20. Bd2 Qd4 21. Bc3 Qd5 22. Kb1 Bb4 23. f3 Bxc3 24. Nxc3 Qe6 25. Rhe1 Rfg8 26. d4 Rg5 27. Qh4 Rf5 28. d5 Qd6 29. dxc6 Qf6 30. Qxf6 Rxf6 31. cxb7 Rg6 32. Rd2 Rgg8 33. Rxe5 h5 34. Rd4 h4 35. Rxf4 Rxg2 36. b3 Rxh2 37. Ree4 Rh1+ 38. Kb2 h3 39. Rh4 Rg8 40. Reg4 Rd8 41. Ne4 Rdd1 42. Nc5 c6 1-0